00309nam a2200121Ia 4500008004100000041000800041082001600049100002300065245004500088260003200133300001300165365000900178240624s9999 xx 000 0 und d aeng a658.827 KAP aKAPFERER JEAN NOEL aKAPFERER ON LUXURY HOW LUXURY BRANDS CAN c2015aNew DelhibKogan Page a240 : p. cb30